00939cam a22002531i 4500001001300000003000400013005001700017007001500034008004100049010001700090035002000107040001800127050001600145100004800161245008400209260003400293300003100327500009800358500007200456530006900528650002000597856005100617999001700668ca 34002301 DLC20260227111136.0cr_|||||||||||891020s1882 mauc 000 0 eng  aca 34002301  a(OCoLC)20515769 aDLCcOYUdDLC00aPS586b.H331 aHayward, Almira L.q(Almira Leach),d-1894.14aThe Illustrated birthday book of American poets /cedited by Almira L. Hayward. aBoston :bJ.R. Osgood,c1882. a307 p. :bports. ;c14 cm. aAlternate pages blank for recording birthdays. Blank pages for "Index of birthdays" (285-307) aPublished in 1880 under title: The birthday book of American poets. aAlso available in digital form on the Internet Archive Web site. 0aBirthday books.41uhttp://hdl.loc.gov/loc.gdc/scd0001.00174005205 c17725d17725